00606cam a22002051 4500001001300000003000400013005001700017008004100034010001700075035002000092040001900112050002000131100002800151245005400179260005700233300001900290504003200309650004200341999001700383ne 66001990 DLC20260227111827.0831117s1965 le b 000 0 fre  ane 66001990  a(OCoLC)16762426 aDLCcOrPSdDLC00aBT738b.L4 19651 aLe Génissel, André.10aManuel d'initiation socialec[par] A.Le Genissel. a[Beyrouth]bÉditions de l'Impr. catholiquec[1965] a188 p.c19 cm. aBibliography: p. [187]-188. 0aChristian sociologyxCatholic Church. c49242d49242